|
|
|
|
| LEADER |
00000nam0a2200000 4500 |
| 001 |
283777 |
| 005 |
20231101235629.0 |
| 035 |
|
|
|a (RuTPU)RU\TPU\book\307907
|
| 090 |
|
|
|a 283777
|
| 100 |
|
|
|a 20150210d1978 km y0engy50 ba
|
| 101 |
0 |
|
|a eng
|
| 102 |
|
|
|a DE
|
| 105 |
|
|
|a a z 001zy
|
| 200 |
1 |
|
|a Cyclodextrin Chemistry
|f M. L. Bender, M. Komiyama
|
| 210 |
|
|
|a Berlin
|c Springer-Verlag
|d 1978
|
| 215 |
|
|
|a 98 p.
|c il.
|
| 225 |
1 |
|
|a Reactivity and Structure Concepts in Organic Chemistry
|v Vol. 6
|
| 320 |
|
|
|a Index: p. 87-96
|
| 320 |
|
|
|a Index: p. 87-96
|
| 606 |
1 |
|
|a Гетероциклические соединения
|x Химия
|2 stltpush
|3 (RuTPU)RU\TPU\subj\6386
|9 34281
|
| 610 |
1 |
|
|a реакционная способность
|
| 610 |
1 |
|
|a структура
|
| 610 |
1 |
|
|a свойства
|
| 610 |
1 |
|
|a циклодекстрины
|
| 610 |
1 |
|
|a комплексы
|
| 610 |
1 |
|
|a включения
|
| 610 |
1 |
|
|a катализ
|
| 610 |
1 |
|
|a эффекты
|
| 610 |
1 |
|
|a применение
|
| 610 |
1 |
|
|a химические реакции
|
| 610 |
1 |
|
|a английский язык
|
| 675 |
|
|
|a 547.7
|v 3
|
| 700 |
|
1 |
|a Bender
|b M. L.
|
| 701 |
|
1 |
|a Komiyama
|b M.
|
| 801 |
|
1 |
|a RU
|b 63413507
|c 20150210
|
| 801 |
|
2 |
|a RU
|b 63413507
|c 20171017
|g RCR
|
| 942 |
|
|
|c BK
|